Central Library OPAC University of Rajshahi

Majmaʻ-ul-baḥrain or the mingling of the two oceans / (Record no. 32464)

MARC details
000 -LEADER
fixed length control field 01099cam a2200289 a 4500
001 - CONTROL NUMBER
control field 32464
003 - CONTROL NUMBER IDENTIFIER
rucl marc code BD-RjUL
005 - DATE AND TIME OF LATEST TRANSACTION
control field 20211209051835.0
008 - FIXED-LENGTH DATA ELEMENTS--GENERAL INFORMATION
fixed length control field 140426s1929 ii b 001 0 eng
035 ## - SYSTEM CONTROL NUMBER
System control number (BD-RjUL)32553
040 ## - CATALOGING SOURCE
Original cataloging agency DLC
Transcribing agency DLC
Modifying agency BD-RjUL
Language of cataloging eng
041 0# - LANGUAGE CODE
Language code of text/sound track or separate title engper
082 00 - DEWEY DECIMAL CLASSIFICATION NUMBER
Classification number 297.6
Author mark and year SHM 1929
100 1# - MAIN ENTRY--PERSONAL NAME
Personal name Shikūh, Muhammad Dārā,
Dates associated with a name 1615-1659.
9 (RLIN) 98779
245 10 - TITLE STATEMENT
Title Majmaʻ-ul-baḥrain or the mingling of the two oceans /
Statement of responsibility, etc. by Prince Muhammad Dārā S̲h̲ikūh ; edited in the original Persian with English translation, notes, and variants, by M. Mahfuz-ul-Haq.
260 ## - PUBLICATION, DISTRIBUTION, ETC. (IMPRINT)
Place of publication, distribution, etc. Calcutta :
Name of publisher, distributor, etc. Asiatic Society,
Date of publication, distribution, etc. 1929.
300 ## - PHYSICAL DESCRIPTION
Pagination vi, 146 p. ;
Size 25 cm.
500 ## - GENERAL NOTE
General note English and Persian.
504 ## - BIBLIOGRAPHY, ETC. NOTE
Bibliography, etc Includes bibliographical references and indexes.
650 #0 - SUBJECT ADDED ENTRY--TOPICAL TERM
Topical term or geographic name as entry element Islam
General subdivision Relations
-- Hinduism.
9 (RLIN) 79274
Topical term or geographic name as entry element Hinduism
General subdivision Relations
-- Islam.
9 (RLIN) 79273
700 2# - ADDED ENTRY--PERSONAL NAME
Personal name Mahfuz-ul-Haq, M.
942 ## - ADDED ENTRY ELEMENTS (KOHA)
Source of classification or shelving scheme Dewey Decimal Classification
Koha item type Books
Holdings
Lost status Source of classification or shelving scheme Damaged status Not for loan Collection code Permanent Location Current Location Shelving location Date acquired Source of acquisition Cost, normal purchase price Total Checkouts Full call number Date last seen Copy number Koha item type
  Dewey Decimal Classification   Not For Loan Non-fiction Central Library, University of Rajshahi Central Library, University of Rajshahi Reading Room 09/12/1955 Allies Books 10.20   297.6 SHM 1929 26/04/2014 C-1 Books
  Dewey Decimal Classification     Non-fiction Central Library, University of Rajshahi Central Library, University of Rajshahi   27/04/2014       297.6 SHM 1929 27/04/2014 C-2 Books